000 00708nam a2200217Ii 4500
003 JO-AjNU
008 230605s9999||||xx |||||||||||||| ||und||
017 _a1998/2/204
040 _aJO-AjNU
_bara
_erda
_cJO-AjNU
041 _aara
050 1 4 _aQ180.A1 Z84 1998
100 3 _aزويلف، مهدي / م. مشارك تحسين الطراونة ,
_eauthor
_941382
245 0 0 _aمنهجية البحث العلمي
250 _aط1
264 3 1 _aعمان : دار الفكر، 1998
300 _a278ص
_bملحق من صفحة 257-177ص
336 _atext
_btxt
_2rdacontent
337 _aunmediated
_bn
_2rdamedia
338 _avolume
_bnc
_2rdacarrier
650 4 _aبحث- منهج علمي
_941383
999 _aA17639
_c21207
_d21207